| 000 | 00884nam a2200277 a 4500 | ||
|---|---|---|---|
| 001 | 000014426 | ||
| 005 | 20200929163842.0 | ||
| 008 | 091214s2000 sp 000 f spa d | ||
| 020 | _a8466300112 | ||
| 040 |
_aDO-SdBNP _bspa _cBNPHU |
||
| 041 | 1 | 7 |
_aspa _heng _2Código de idioma MARC |
| 082 |
_a813.6 _bR845p |
||
| 100 | 1 |
_aRoth, Philip, _d1933- _932551 |
|
| 240 | 1 | 0 |
_aAmerican pastoral. _lEspañol |
| 245 | 1 | 0 |
_aPastoral americana / _cPhilip Roth ; traducción de Jordi Fibla. |
| 260 |
_a[Madrid] : _bSuma de Letras, _c2000. |
||
| 300 |
_a546, [12] p. ; _c18 cm. |
||
| 490 | 1 |
_aPunto de lectura _v67 |
|
| 534 |
_pTítulo original en inglés: _tAmerican pastoral _c1968 |
||
| 650 | 4 |
_aNovela estadounidense _9262 |
|
| 650 | 4 |
_aLiteratura estadounidense _9263 |
|
| 700 | 1 |
_aFibla, Jordi, _etr. _911174 |
|
| 830 | 0 |
_aPunto de lectura ; _v67 _93047 |
|
| 910 | _aWM | ||
| 049 | _aBNGR | ||
| 999 |
_c14017 _d14017 |
||